00421nam a2200133 a 450000100100000000500170001000800410002704000250006808200090009310000230010224500940012526000420021930000260026100003453820200930073744.0111006s1968 xxu 000 0 spa d aDO-SdBNPbspacBNPHU axxxx1 aBarnet, Richard J.10aIntervention and revolution :bthe United States in the Third World /cRichard J. Barnet. aNew York :bWorld Publisina ;,c1968. avii, 302 p. ;c22 cm.